00353nam a2200109Ia 4500008004100000020001800041040002900059050002400088100001700112245007700129260003700206230104s9999||||xx |||||||||||||| ||und|| a9966-9788-0-1 cChuka University Library aLB 1025.2b N3 2003 aNasibi, M.W. 0aInstructional methods:general methods for teaching across the curriculum aStrongwall AfricabNairobic2003